| 000 | 01550cam a22002533a 4500 | ||
|---|---|---|---|
| 001 | 29349 | ||
| 003 | PGUSA | ||
| 005 | 20140828083632.0 | ||
| 008 | 090708s2009||||xxu|||||s|||||000 | eng d | ||
| 040 |
_aPGUSA _beng |
||
| 042 | _adc | ||
| 050 | 4 | _aQL | |
| 100 | 1 |
_aRees, Alfred Wellesley, _d1872-1917 |
|
| 245 | 1 | 0 |
_aCreatures of the Night : _bA Book of Wild Life in Western Britain _h[electronic resource] / _cAlfred Wellesley Rees |
| 260 |
_bProject Gutenberg, _c2009 |
||
| 505 | 0 | _aThe otter: I. The holt among the alders. II. The pool beneath the farmstead. III. The gorge of Alltycafn. -- The water-vole: I. Our village hounds. II. The burrow in the river bank. III. Wild hunting. IV. Saved by an enemy. V. The courage of fear. -- The field-vole: I. Hidden pathways in the grass. II. The valley of Olwen. III. A barren hillside. -- The fox: I. The last hunt. II. A new home. III. The cub and the polecat. IV. A cry of the night. -- The brown hare: I. The upland cornfield. II. March madness. III. The chase. -- The badger: I. A woodland solitude. II. Home discipline. III. Fear of the trap. IV. The winter "oven." V. Hillside trails. -- The hedgehog: I. A vagabond hunter. II. An experience in snake-killing. -- Night in the woods: I. Haunts of the badger and the fox. II. The Crag of Vortigern. | |
| 506 | _aPublic domain in the USA. | ||
| 516 | _aElectronic text | ||
| 653 | _aAnimal behavior | ||
| 653 | _aAnimals -- Anecdotes | ||
| 830 | 0 |
_aProject Gutenberg _v29349 |
|
| 856 | 4 | 0 | _uhttp://www.gutenberg.org/ebooks/29349 |
| 942 | _cEB | ||
| 999 |
_c258604 _d258604 |
||